Vademécum práctico del perito médico (Registro nro. 3383)

Detalles MARC
000 -LEADER
fixed length control field 01469 a2200229 4500
001 - CONTROL NUMBER
control field 41115
005 - DATE AND TIME OF LATEST TRANSACTION
control field 20260407155705.0
008 - FIXED-LENGTH DATA ELEMENTS--GENERAL INFORMATION
fixed length control field 260407a1995 arg spa d
003 - CONTROL NUMBER IDENTIFIER
control field AR-UNSa-BCEJYS
040 ## - CATALOGING SOURCE
Original cataloging agency AR-UNSa-BCEJYS
Language of cataloging spa
Transcribing agency AR-UNSa-BCEJYS
080 ## - UNIVERSAL DECIMAL CLASSIFICATION NUMBER
Universal Decimal Classification number 343.148
Common auxiliary subdivision Peritos. Testigos cualificados. Testimonio de expertos (Procedimiento penal. Investigación criminal)<br/>
020 ## - INTERNATIONAL STANDARD BOOK NUMBER
International Standard Book Number 950-894-009-3
041 ## - LANGUAGE CODE
Language code of text/sound track or separate title spa
100 1# - MAIN ENTRY--PERSONAL NAME
Personal name Dambrosi, Guillermo Ricardo
245 10 - TITLE STATEMENT
Title Vademécum práctico del perito médico
264 #1 - PRODUCTION, PUBLICATION, DISTRIBUTION, MANUFACTURE, AND COPYRIGHT NOTICE
Place of production, publication, distribution, manufacture Buenos Aires :
Name of producer, publisher, distributor, manufacturer AD-HOC
Date of production, publication, distribution, manufacture, or copyright notice 1995
300 ## - PHYSICAL DESCRIPTION
Extent 186 p.
Dimensions 22 cm.
505 ## - FORMATTED CONTENTS NOTE
Formatted contents note 1. Introducción - 2. Objetivos del manual - 3. Qué es un perito. Concepto - 4. El perito médico - 5. Clases de perito - 6. Las condiciones del perito médico - 7. La responsabilidad del perito médico - 8. Designación, excusación y recusación de peritos - 9. Obligaciones y derechos de los peritos. Falso - 10. El procedimiento pericial - 11. Qué es una peritación - 12. Características de una peritación - 13. El informe pericial medicolegal - 14. Modalidades específicas de peritación medicolegal - 15. El baremo - 16. Las incapacidades laborativas - 17. La prueba pericial - 18. Coincidencia y disidencia de peritos en el informe pericial - 19. Las etapas del proceso judicial
590 ## - LOCAL NOTE (RLIN)
Local note niveau_biblio:m niveau_hierar:0
856 41 - ELECTRONIC LOCATION AND ACCESS
Uniform Resource Identifier <a href="https://biblioeco.unsa.edu.ar/pmb/images/libros/L126379.jpg">https://biblioeco.unsa.edu.ar/pmb/images/libros/L126379.jpg</a>
Link text Imagen de portada
Electronic format type image/jpeg
942 ## - ADDED ENTRY ELEMENTS (KOHA)
Koha item type
Existencias
Withdrawn status Lost status Damaged status Not for loan Home library Current library Shelving location Date acquired Total checkouts Full call number Barcode Date last seen Price effective from Koha item type
        Biblioteca Prof. Eusebio Cleto del Rey Biblioteca Prof. Eusebio Cleto del Rey   07/04/2026   343.148 D156 L126379 07/04/2026 07/04/2026 Libro